01160nam a2200277 a 450000100060000000300080000600500170001400800410003102000150007203500190008704000270010604100080013308200250014124502030016626000540036930000330042349000420045650400290049865000480052770000530057570000420062883000500067094200120072099900170073295201330074967224BD-RjUL20211209081628.0170323s1975 ne a b 100 0 eng  a0444412808 a(BD-RjUL)67355 aDLCcDLCdBD-RjULbeng aeng a622.13223bGEO 197510aGeochemical exploration, 1974 :bproceedings of the fifth International Geochemical Exploration Symposium held in Vancouver, B.C., Canada, April 1-4, 1974 /ced. by I. L. Elliott and W. K. Fletcher. aNew York :bElsevier Scientific Pub. Co.,cc1975. axi, 720 p. :bill. ;c25 cm.1 aDevelopments in economic geology ;v1 aIncludes bibliographies. 0aGeochemical prospectingxCongresses.9345281 aElliott, I. L.q(Ivor Llewellyn),d1935-91991701 aFletcher, W. K.q(William K.)9199171 0aDevelopments in economic geology ;v19201097 2ddccBK c67224d67224 00102ddc40718NFICaRUCLbRUCLcReadingd1980-10-29eNetherlandl0o622.13 GEO 1975r2017-03-23 00:00:00tC-1w2021-12-09yBK